00409 a2200109 4500001001000000005001700010008004100027245010800068100002500176700002600201773007200227ART_5651220260410161609.0260409a 10aNormas sobre informes de la auditoría externa de estados contables con fines generales. Tercera parte1 aOubiña, Gabriel H.1 aFaccendini, Yanina C.0 tProfesional & Empresariag- Año XXIII, Nº 274 (jul. 2022)wREV70